Geology of the San Manuel area, Pinal County, Arizona /

Bibliographic Details
Main Author: Creasey, S. C. (Saville Cyrus), 1917-
Other Authors: Pelletier, J. D. (John D.)
Format: Government Document Book
Language:English
Published: Washington : U.S. Govt. Print. Off, 1965.
Series:Geological Survey professional paper ; 471.
Subjects:

MARC

Tag First Indicator Second Indicator Subfields
LEADER 00000cam a22000001 4500
001 in00002783637
005 20151202171832.0
008 780123s1965 dcuab b f000 0 eng c
010 |a gs 65000199  
035 |a (OCoLC)ocm03574466 
035 |a (OCoLC)3574466 
040 |a U.S. Geol. Survey. Libr.  |c CSU  |d DLC  |d OCLCQ  |d BTCTA  |d OCLCG  |d NRU  |d UtOrBLW 
043 |a n-us-az 
049 |a TXAM 
050 0 0 |a QE75  |b .P9 no. 471 
082 0 4 |a 557.3  |b U58p no. 471 
086 0 |a I 19.16:471 
100 1 |a Creasey, S. C.  |q (Saville Cyrus),  |d 1917- 
245 1 0 |a Geology of the San Manuel area, Pinal County, Arizona /  |c by S.C. Creasey. With a section on Ore deposits, by J.D. Pelletier and S.C. Creasey. 
264 1 |a Washington :  |b U.S. Govt. Print. Off,  |c 1965. 
300 |a iv, 64 pages :  |b illustrations, maps (5 folded color in pocket) ;  |c 30 cm. 
336 |a text  |b txt  |2 rdacontent 
337 |a unmediated  |b n  |2 rdamedia 
338 |a volume  |b nc  |2 rdacarrier 
490 1 |a U.S. Geological Survey professional paper ;  |v 471 
504 |a Bibliography: pages 60-61. 
650 0 |a Geology  |z Arizona  |z Pinal County. 
650 0 |a Mines and mineral resources  |z Arizona  |z Pinal County. 
650 0 |a Ore deposits  |z Arizona  |z Pinal County. 
700 1 |a Pelletier, J. D.  |q (John D.) 
740 0 |a San Manuel area, Pinal County, Arizona. 
830 0 |a Geological Survey professional paper ;  |v 471. 
948 |a cataloged  |b h  |c 2012/12/13  |d c  |e mvaldespin  |f 10:19:00 am 
994 |a C0  |b TXA 
999 |a MARS 
999 f f |s 7cccde35-2432-32d9-8981-5b458b475e65  |i 542fc20a-a35e-3aaa-917c-7c9e5f6d24c6  |t 0 
952 f f |p normal  |a Texas A&M University  |b College Station  |c Sterling C. Evans Library  |d Evans: US Documents (Annex 5th floor)  |t 0  |e I 19.16:469-472  |h Superintendent of Documents classification  |i unmediated -- volume  |m A14812839381 
998 f f |a I 19.16:469-472  |t 0  |l Evans: US Documents (Annex 5th floor)